000 00288nam a22001337a 4500
008 170324b xxu||||| |||| 00| 0 eng d
020 _a9780895824172
041 _aeng
080 _a615.82
100 _a8
101 _aSHM
245 _aEXERCISE RELATED
_cLANGLEY.TH.D
942 _2udc
_cBK
999 _c8592
_d8592